000 00356nam a2200157Ia 4500
008 231217s9999 xx 000 0 und d
041 _aEnglish
082 _a659.1 WHI;1 `R'
100 _aWhite, Roderick
245 0 _aAdvertising
250 _a4th ed.
260 _c2000
_bMGH, London
300 _avii+317
650 _aAdvertising
942 _cAA
999 _c167741
_d167741